[Event "Mechanics' Winter TNM; G/2"]
[Site "San Francisco"]
[Date "2017.02.14"]
[Round "7.34"]
[White "Abraham, Michael"]
[Black "Andries, Craig"]
[Result "0-1"]
[WhiteElo "1567"]
[BlackElo "830"]
[Annotator "Donaldson"]
[PlyCount "74"]
[EventDate "2017.??.??"]

1. d4 Nf6 2. c4 g6 3. Nc3 Bg7 4. e4 d6 5. f3 e5 6. d5 O-O 7. Be3 Ne8 8. g4 $6 (
8. Qd2) 8... Bh6 $1 9. Qd2 Qh4+ 10. Kd1 (10. Qf2) 10... Bxe3 11. Qxe3 Nf6 12.
Nge2 Bxg4 $1 13. Kc2 (13. fxg4 Nxg4 14. Qf3 Nf2+ 15. Kc2 Nxh1 16. Qxh1 f5 17.
Rd1 Na6) 13... Bd7 14. Ng3 Na6 15. Rc1 Nc5 16. Be2 a5 17. Rcf1 Qf4 18. Qg1 Bh3
19. Rf2 c6 20. Bd1 cxd5 21. cxd5 Rfc8 22. Nge2 Qe3 23. Kb1 b5 24. Nc1 b4 25.
N3e2 Nd3 26. Nxd3 Qxd3+ 27. Ka1 a4 28. Qg5 Kg7 (28... Nxd5 $1 29. exd5 Bf5) 29.
Nc1 Qd4 30. Rc2 Rxc2 31. Bxc2 a3 32. Nd3 b3 33. Bb1 bxa2 34. Bc2 Rb8 35. Qc1
Bg2 36. Re1 Bxf3 37. Kxa2 Bxe4 0-1

[Event "Mechanics' Fall TNM; G/2 d5"]
[Site "San Francisco"]
[Date "2017.12.05"]
[Round "7.13"]
[White "Abraham, Michael D"]
[Black "Argo, Guy"]
[Result "0-1"]
[WhiteElo "1651"]
[BlackElo "1946"]
[PlyCount "44"]
[EventDate "2017.??.??"]

1. d4 Nf6 2. c4 e5 3. d5 $6 Bc5 4. e3 O-O 5. Nc3 a5 6. Bd3 d6 7. Nf3 Qe7 8. e4
Bg4 9. Qb3 Na6 10. Na4 Nd7 11. h3 Bxf3 12. gxf3 Qh4 13. Rh2 Bb4+ 14. Ke2 g6 15.
Be3 f5 16. exf5 gxf5 17. Rg1+ Kh8 18. Bg5 Qh5 19. h4 e4 20. Bb1 Ne5 21. Kf1
Nxf3 22. Rhg2 Nd4 0-1

[Event "Mechanics' Peter Grey TNM; G/2 d5"]
[Site "San Francisco"]
[Date "2017.08.29"]
[Round "4.21"]
[White "Abraham, Michael D"]
[Black "Argo, Guy"]
[Result "0-1"]
[WhiteElo "1535"]
[BlackElo "1969"]
[PlyCount "48"]
[EventDate "2017.??.??"]

1. d4 f5 2. c4 e6 3. Nf3 Nf6 4. Bg5 Bb4+ 5. Nbd2 h6 6. Bxf6 Qxf6 7. e3 b6 8.
Be2 Bb7 9. Ne5 O-O 10. O-O d6 11. Nd3 Bxd2 12. Qxd2 e5 13. dxe5 dxe5 14. f4 e4
15. Ne5 Rd8 16. Qe1 Na6 17. b4 Qd6 18. c5 bxc5 19. Bc4+ Bd5 20. Rd1 Nxb4 21. a3
Nd3 22. Nxd3 Bxc4 23. Nb2 Bd3 24. Nc4 Qa6 0-1

[Event "Mechanics' Peter Grey TNM; G/2 d5"]
[Site "San Francisco"]
[Date "2017.10.03"]
[Round "9.18"]
[White "Abraham, Michael D"]
[Black "Babayan, Gagik"]
[Result "1-0"]
[WhiteElo "1535"]
[BlackElo "1813"]
[Annotator "Donaldson"]
[PlyCount "55"]
[EventDate "2017.??.??"]

1. d4 Nf6 2. c4 e6 3. Nf3 b6 4. Nc3 Bb7 5. Bg5 d5 6. cxd5 exd5 7. e3 Nbd7 8.
Ne5 Be7 9. Bb5 O-O 10. Bc6 Bxc6 11. Nxc6 Qe8 12. Nxe7+ Qxe7 13. Nxd5 Qe4 14.
Nxf6+ gxf6 15. Bh6 Qxg2 {Diagram [#]} 16. Qf3 $1 {Studying tactics pays off.}
Qg6 (16... Qxf3 17. Rg1+ Kh8 18. Bg7+ Kg8 19. Bxf6+) 17. Bxf8 Rxf8 18. Kd2 Kh8
19. Rhg1 Qh6 20. Rg3 Rd8 21. Ke2 c5 22. Rag1 cxd4 23. Qf5 (23. Rh3 $1) 23...
d3+ 24. Qxd3 Qh5+ 25. f3 Qxh2+ 26. R1g2 Qh1 27. Qf5 Qc1 28. Qxh7+ $1 1-0

[Event "Mechanics' Spring TNM; G/2"]
[Site "San Francisco"]
[Date "2017.03.28"]
[Round "3.23"]
[White "Abraham, Michael D"]
[Black "Babayan, Gagik"]
[Result "1-0"]
[WhiteElo "1527"]
[BlackElo "1806"]
[PlyCount "79"]
[EventDate "2017.??.??"]

1. d4 Nf6 2. c4 e6 3. Nf3 b6 4. Bg5 Be7 5. Nc3 O-O 6. e4 Bb7 7. e5 Ne4 8. Bxe7
Qxe7 9. Bd3 d5 10. Qc2 f5 11. exf6 Nxf6 12. Ng5 h6 13. Bh7+ Kh8 14. h4 e5 15.
O-O-O e4 16. Bg6 c6 17. Rde1 Na6 18. Re3 Nb4 19. Qe2 Ng8 20. f3 Nd3+ 21. Rxd3
exd3 22. Qxd3 Nf6 23. Ne2 Ba6 24. Nf4 dxc4 25. Qc2 Qe3+ 26. Qd2 Qxd2+ 27. Kxd2
Bc8 28. g4 Nxg4 29. Bf7 Rxf7 30. Nxf7+ Kg8 31. Nd6 Nf6 32. Nxc4 Bd7 33. Ne5 Rf8
34. Nfg6 Re8 35. Rc1 c5 36. dxc5 bxc5 37. Rxc5 Be6 38. Rc7 Bxa2 39. Rxa7 Rb8 $4
40. Rxa2 1-0

[Event "Mechanics' Winter TNM; G/2"]
[Site "San Francisco"]
[Date "2017.01.03"]
[Round "1.9"]
[White "Abraham, Michael D"]
[Black "Bayaraa, Chinguun"]
[Result "0-1"]
[WhiteElo "1527"]
[BlackElo "2139"]
[PlyCount "64"]
[EventDate "2017.??.??"]

1. d4 Nf6 2. c4 e6 3. Nf3 d5 4. Bg5 Be7 5. Nc3 O-O 6. e3 h6 7. Bh4 b6 8. h3 Bb7
9. Bd3 Nbd7 10. O-O dxc4 11. Bxc4 Nd5 12. Bxe7 Qxe7 13. Rc1 N7f6 14. Re1 Rfc8
15. Nxd5 exd5 16. Bb3 c5 17. dxc5 bxc5 18. Qe2 a6 19. Bc2 Re8 20. Qd3 Rac8 21.
Nh2 Ne4 22. f3 c4 23. Qd4 Nd6 24. Ng4 Nb5 25. Qf4 h5 26. Nf2 Rc6 27. e4 d4 28.
Ba4 d3 29. e5 Qb4 30. b3 d2 31. Nd3 dxe1=Q+ 32. Rxe1 Qc3 0-1

[Event "Mechanics' Winter TNM; G/2"]
[Site "San Francisco"]
[Date "2017.01.10"]
[Round "2.39"]
[White "Abraham, Michael D"]
[Black "Clemens, Kristian"]
[Result "0-1"]
[WhiteElo "1527"]
[BlackElo "1898"]
[Annotator "Donaldson"]
[PlyCount "50"]
[EventDate "2017.??.??"]

1. d4 d5 2. c4 e6 3. Nf3 Nf6 4. Bg5 Be7 5. Nc3 Nbd7 6. h3 $6 (6. e3) 6... O-O
7. e3 c6 8. Bd3 dxc4 9. Bxc4 Nd5 10. Bxe7 Qxe7 11. O-O b6 12. e4 Nxc3 13. bxc3
Bb7 14. e5 Rfd8 15. Qe2 c5 16. Rfd1 Rac8 17. Ba6 Bxa6 18. Qxa6 Nf8 19. a4 (19.
Nd2 Ng6 20. Ne4 $11) 19... cxd4 20. cxd4 Rc7 21. a5 bxa5 22. Rxa5 Ng6 23. Rb1 (
23. g3) (23. d5) 23... Nf4 24. Rab5 $4 {Diagram [#]} (24. Kh2 {
idea g3 was still equal.}) 24... Ne2+ 25. Kf1 Nc3 0-1

[Event "Mechanics' Winter TNM; G/2"]
[Site "San Francisco"]
[Date "2017.01.24"]
[Round "4.45"]
[White "Abraham, Michael D"]
[Black "Cunningham, Charles"]
[Result "1-0"]
[WhiteElo "1527"]
[BlackElo "1421"]
[Annotator "Donaldson"]
[PlyCount "49"]
[EventDate "2017.??.??"]

1. d4 e6 2. c4 b6 3. Nc3 Nf6 4. e4 Bb4 5. Bd3 Bxc3+ 6. bxc3 Bb7 7. Qe2 h6 8.
Nf3 d6 9. e5 dxe5 10. dxe5 Nfd7 11. O-O Nc6 12. Ba3 Ncxe5 13. Nxe5 Qg5 14. Nf3
Qf6 15. Be4 O-O-O 16. Bxb7+ Kxb7 17. Qe4+ Kb8 18. Nd4 Ne5 19. f4 (19. Qxe5)
19... Rxd4 20. Qxd4 Nxc4 21. Qxc4 Qf5 22. Rad1 h5 23. Rd7 c5 24. Qa6 Qe4 25.
Qxa7+ 1-0

[Event "Mechanics' Spring TNM; G/2"]
[Site "San Francisco"]
[Date "2017.03.14"]
[Round "1.14"]
[White "Abraham, Michael D"]
[Black "Kim, Isaiah"]
[Result "0-1"]
[WhiteElo "1527"]
[BlackElo "2060"]
[PlyCount "54"]
[EventDate "2017.??.??"]

1. d4 Nf6 2. c4 e6 3. Nf3 Bb4+ 4. Nc3 O-O 5. Bg5 c5 6. a3 Bxc3+ 7. bxc3 Qa5 8.
Bxf6 Qxc3+ 9. Nd2 gxf6 10. e3 cxd4 11. Qg4+ Kh8 12. Qxd4 Qxd4 13. exd4 Nc6 14.
Nf3 b6 15. Be2 Ba6 16. O-O d5 17. Rac1 Na5 18. Nd2 Rac8 19. Rfe1 Bxc4 20. Bf1
Rc6 21. f4 Rfc8 22. Ra1 Bxf1 23. Kxf1 Rc2 24. Re2 Rxd2 25. Rxd2 Nb3 26. Rda2
Nxa1 27. Rxa1 Rc4 0-1

[Event "Mechanics' Fall TNM; G/2 d5"]
[Site "San Francisco"]
[Date "2017.12.19"]
[Round "9.11"]
[White "Abraham, Michael D"]
[Black "Krasnov, Steven"]
[Result "1/2-1/2"]
[WhiteElo "1651"]
[BlackElo "1970"]
[PlyCount "70"]
[EventDate "2017.??.??"]

1. d4 Nf6 2. c4 e6 3. Nf3 b6 4. Bg5 Bb7 5. Nc3 Bb4 6. e3 O-O 7. Bd3 d5 8. O-O
dxc4 9. Bxc4 Nbd7 10. Ne5 Nxe5 11. dxe5 Bxc3 12. Qxd8 Rfxd8 13. bxc3 h6 14.
Bxf6 gxf6 15. exf6 Kh7 16. Rfd1 Kg6 17. Rd4 c5 18. Rg4+ Kxf6 19. Rf4+ Ke7 20.
Rh4 Rg8 21. e4 Rad8 22. Re1 Rg6 23. f4 Rd2 24. g3 Rc2 25. f5 Rg5 26. Rxh6 Rxc3
27. Bxe6 fxe6 28. Rh7+ Kf6 29. Rxb7 exf5 30. e5+ Ke6 31. Rh7 f4 32. Rh6+ Ke7
33. Rh7+ Ke6 34. Rh6+ Ke7 35. Rh7+ Ke6 1/2-1/2

[Event "Mechanics' Spring TNM; G/2"]
[Site "San Francisco"]
[Date "2017.04.11"]
[Round "5.21"]
[White "Abraham, Michael D"]
[Black "Maser, Thomas F"]
[Result "0-1"]
[WhiteElo "1527"]
[BlackElo "1920"]
[PlyCount "62"]
[EventDate "2017.??.??"]

1. d4 Nf6 2. c4 e6 3. Nf3 Bb4+ 4. Nc3 O-O 5. Bg5 d5 6. e3 h6 7. Bh4 Nbd7 8. Bd3
c5 9. O-O cxd4 10. exd4 dxc4 11. Bxc4 Qa5 12. Ne2 Bd6 13. Bg3 Bxg3 14. Nxg3 b5
15. Bb3 Bb7 16. Ne5 Rfd8 17. Qe2 Qb6 18. Rad1 Rac8 19. Nh5 Qd6 20. f4 Nxh5 21.
Nxf7 $2 (21. Qxh5 $11) 21... Kxf7 22. Qxh5+ Kg8 23. f5 Nf6 24. Qg6 Bd5 25. fxe6
Qxe6 26. Bc2 Qe3+ 27. Kh1 Be4 28. Bxe4 Nxe4 29. Qf7+ Kh8 30. Rde1 Qxd4 31. Qf5
Rf8 0-1

[Event "Mechanics' Fall TNM; G/2 d5"]
[Site "San Francisco"]
[Date "2017.10.31"]
[Round "2.26"]
[White "Abraham, Michael D"]
[Black "McSweeney, Michael"]
[Result "1-0"]
[WhiteElo "1651"]
[BlackElo "1231"]
[PlyCount "39"]
[EventDate "2017.??.??"]

1. d4 d6 2. c4 b6 3. Nf3 Bb7 4. Nc3 Nf6 5. e3 Nbd7 6. Bd3 g6 7. O-O Bg7 8. Re1
e5 9. e4 Qe7 10. Nb5 O-O-O 11. Nxa7+ Kb8 12. Qa4 Nf8 13. Bf1 Ng4 14. h3 h5 15.
Nc6+ Bxc6 16. Qxc6 exd4 17. c5 Be5 18. Ba6 Bh2+ 19. Nxh2 Qe5 20. Qb7# 1-0

[Event "Mechanics' Spring TNM; G/2"]
[Site "San Francisco"]
[Date "2017.04.25"]
[Round "7.31"]
[White "Abraham, Michael D"]
[Black "Ochoa, Jason"]
[Result "0-1"]
[WhiteElo "1527"]
[BlackElo "1800"]
[Annotator "Donaldson"]
[PlyCount "52"]
[EventDate "2017.??.??"]

1. d4 Nf6 2. c4 c5 3. d5 e6 4. Nc3 exd5 5. Nxd5 Nxd5 6. cxd5 d6 7. e4 g6 8. Bd2
Bg7 9. Bc3 Bxc3+ 10. bxc3 O-O 11. Nf3 Qa5 12. Qd2 Re8 13. Bd3 Bg4 14. Ng5 h6
15. f3 hxg5 16. fxg4 c4 17. Bc2 Qc5 18. Qxg5 Nd7 19. h4 Re5 20. Qf4 Nb6 21. Kd2
Rae8 22. Rhf1 R8e7 23. g5 $2 {Diagram [#]} (23. a4 $1 Nxd5 $2 24. exd5 Rxd5+
25. Kc1 {and no ...Qa3+.}) 23... Nxd5 $1 24. exd5 $2 (24. Qf2) 24... Rxd5+ 25.
Kc1 Qa3+ 26. Kb1 Rb5+ 0-1

[Event "Mechanics' Summer TNM; G/2 d5"]
[Site "San Francisco"]
[Date "2017.06.27"]
[Round "6.21"]
[White "Abraham, Michael D"]
[Black "Poling, Scott E"]
[Result "0-1"]
[WhiteElo "1499"]
[BlackElo "1865"]
[Annotator "Winslow"]
[PlyCount "104"]
[EventDate "2017.??.??"]

1. d4 Nf6 2. c4 e6 3. Nf3 c5 4. d5 b5 5. dxe6 (5. Bg5) 5... fxe6 6. e3 $6 {
Not even taking the pawn? This can't end well...} (6. cxb5 d5) 6... bxc4 7.
Bxc4 d5 8. Bb5+ Bd7 9. Nc3 Bxb5 10. Nxb5 Qa5+ 11. Nc3 Ne4 $2 {[#]} (11... Qa6
$1 $11) 12. O-O Nxc3 13. bxc3 Qxc3 $6 14. Qa4+ Nd7 15. Bd2 (15. Rb1 Be7 16. Rb7
Rd8 17. Bd2 Qc4 18. Qc6) 15... Qf6 16. Qc6 Rb8 17. Rab1 Rb6 18. Rxb6 axb6 19.
e4 e5 20. Qxd5 Qd6 21. Qa8+ Qb8 22. Qxb8+ Nxb8 23. Nxe5 Bd6 24. Bc3 O-O 25. Rb1
Bc7 26. Nc4 Rd8 27. f3 Nc6 28. Ne3 Rd3 29. Nd5 Bd8 30. Be1 Nd4 31. Nxb6 Ra3 32.
Nd5 Rxa2 33. Rb8 Ne6 34. Bh4 g5 35. Bxg5 Nxg5 36. Rxd8+ Kf7 37. Rd7+ Ke6 {
White has played quite well and was well on his way to a nice upset victory,
but he completelyoverlooks} 38. h4 $4 Kxd7 {Black had less than two minutes
(to White's 16 or so), so must have been overjoyed to have this door open!} ({
But -- even better than wolfing the rook is} 38... Nxf3+ $1 39. gxf3 Kxd7) ({or
} 38... Ra1+ 39. Kf2 Nxe4+ 40. Ke3 Re1+ 41. Kf4 Kxd7 42. fxe4 Ke6) 39. hxg5 c4
$4 (39... Kd6 {ready to meet} 40. Nf6 {**now** with} c4 ({
Did you think I was going to say} 40... Ra7 {-- ? Computer wouldn't let me.}))
40. Kh2 $4 (40. Nb6+ $16 {is back to all the winning chances on White.}) 40...
Ra6 ({Far better:} 40... Kd6) 41. Kg3 Rc6 42. Nc3 Rd6 43. Nd5 $4 {Giving up}
Rxd5 {This just got blitz-game easy.} 44. exd5 c3 45. f4 c2 46. Kg4 c1=Q 47. g3
Qd1+ 48. Kh4 Qxd5 {Someday he'll move his king...} 49. Kg4 Qd1+ (49... Ke6 {
is mate in 6}) 50. Kf5 (50. Kh3 {drags it out to mate in 7 after} Ke6) 50...
Ke7 $6 (50... Qe2 $1 {
might take a second to see, but it shortens the game considerably:} 51. g6 (51.
Kf6 Qe7+ 52. Kf5 Qe6#) 51... h6 52. Kf6 Qe7+ 53. Kf5 Qe6#) 51. g6 Qd5+ 52. Kg4
hxg6 {
There were no more moves, so we don't know if White resigned or got mated...}
0-1

[Event "Mechanics' Summer TNM; G/2 d5"]
[Site "San Francisco"]
[Date "2017.06.13"]
[Round "4.39"]
[White "Abraham, Michael D"]
[Black "Scalese, Nicole"]
[Result "1-0"]
[WhiteElo "1499"]
[BlackElo "1145"]
[Annotator "Winslow"]
[PlyCount "59"]
[EventDate "2017.??.??"]

1. d4 d5 2. c4 Nf6 3. Nf3 Bf5 4. Nc3 e6 5. Bg5 h6 (5... Be7) (5... c6 $1) 6.
Bxf6 gxf6 7. cxd5 Na6 8. e4 Bxe4 $4 9. Nxe4 Bb4+ 10. Nc3 Qd7 11. Bb5 $4 Bxc3+ (
11... Qxb5) 12. bxc3 Qxb5 13. dxe6 fxe6 14. Rb1 Qg5 $4 15. Nxg5 fxg5 16. Qh5+
Kd7 17. Rxb7 Kc6 18. Qf3+ Kd6 19. O-O Rhf8 20. Qg3+ Kd7 21. Qe5 Kc8 22. Rfb1
Rf7 23. Qxe6+ Rd7 24. Qxa6 Rd6 25. Rb8+ Kd7 26. Qb5+ c6 27. Qb7+ Ke6 28. Rxa8
Kf6 29. Rf8+ Kg6 30. Qf7# 1-0

[Event "Mechanics' Peter Grey TNM; G/2 d5"]
[Site "San Francisco"]
[Date "2017.08.08"]
[Round "1.7"]
[White "Abraham, Michael D"]
[Black "Traub, Igor"]
[Result "1-0"]
[WhiteElo "1535"]
[BlackElo "2163"]
[Annotator "Donaldson"]
[PlyCount "67"]
[EventDate "2017.??.??"]

1. d4 d5 2. c4 c6 3. Nf3 Nf6 4. Nc3 e6 5. Bg5 Be7 6. e3 Nbd7 7. Bd3 O-O 8. O-O
dxc4 9. Bxc4 b5 10. Bb3 Bb7 11. e4 b4 12. e5 bxc3 13. exf6 gxf6 14. Bh6 cxb2
15. Rb1 Re8 16. Nd2 Kh8 17. Rxb2 Nb6 (17... c5) 18. Qh5 Bf8 (18... Rg8 19. Qxf7
Rg6 20. Bf4 Ba6 21. Rfb1 Bd3 $11) 19. Nf3 (19. Ne4 $1 Qxd4 $2 20. Rd2 $1 Qxe4
21. Bc2 {wins.}) 19... Bxh6 20. Qxh6 Rg8 21. Bc2 Rg7 22. Rd1 Ba6 23. Rb3 Bc4
24. Rc3 Be2 25. Rd2 Nd5 26. Rb3 Bc4 27. Rb2 Qd6 28. Be4 Nf4 29. g3 f5 $2 (29...
Bd5) 30. Bxc6 Rc8 31. Ne5 Bd5 $4 $11 (31... Ng6 $11) 32. Qxf4 Rxc6 33. Rb8+ Rg8
34. Nxf7+ 1-0

[Event "Mechanics' Summer TNM; G/2 d5"]
[Site "San Francisco"]
[Date "2017.05.30"]
[Round "2.15"]
[White "Acharya, Venkatagi"]
[Black "Argo, Guy"]
[Result "0-1"]
[WhiteElo "1710"]
[BlackElo "1988"]
[PlyCount "98"]
[EventDate "2017.??.??"]

1. e4 e5 2. Nf3 d6 3. d4 exd4 4. Nxd4 g6 5. Bc4 Bg7 6. c3 Nf6 7. Bg5 O-O 8. O-O
h6 9. Bxf6 Bxf6 10. Nd2 c5 11. Ne2 Kg7 12. Qc2 Be6 13. Rad1 Nc6 14. Bxe6 fxe6
15. Nf4 Qe7 16. Nxg6 Kxg6 17. e5+ Kg7 18. exf6+ Rxf6 19. Ne4 Rg6 20. Rxd6 Ne5
21. Qe2 Rf8 22. f4 Nf7 23. Rd2 Qc7 24. Qh5 b6 25. f5 exf5 26. Qxf5 Qe5 27. Rd7
Qxf5 28. Rxf5 Re6 29. Ng3 a5 30. Rf4 Kg6 31. Ne4 Ne5 32. Rxf8 Nxd7 33. Rd8 Ne5
34. Rd6 Kf5 35. Rxe6 Kxe6 36. Nd2 Kd5 37. h4 Nd3 38. b3 Nc1 39. g4 Nxa2 40. c4+
Ke5 41. Kg2 Kf4 42. Kh3 Nc1 43. h5 Nd3 44. Nb1 Nf2+ 45. Kh4 Nxg4 46. Nc3 Nf6
47. Na4 Nd7 48. Nc3 Kf3 49. Nd5 Ke4 0-1

[Event "Mechanics' Summer TNM; G/2 d5"]
[Site "San Francisco"]
[Date "2017.06.27"]
[Round "6.23"]
[White "Acharya, Venkatagi"]
[Black "Erickson, Lane"]
[Result "0-1"]
[WhiteElo "1710"]
[BlackElo "1681"]
[PlyCount "58"]
[EventDate "2017.??.??"]

1. e4 c5 2. Nf3 Nc6 3. g3 Nf6 4. d3 d5 5. exd5 Nxd5 6. Bg2 e5 7. O-O Be7 8. Re1
Bf6 9. Nbd2 O-O 10. a4 Bg4 11. h3 Be6 12. Kh2 Nde7 13. Ne4 Qb6 14. Nxf6+ gxf6
15. Qd2 Rad8 16. Qh6 Ng6 17. h4 Bg4 18. Re4 Bxf3 19. Bxf3 Nd4 20. Bd1 Rd6 21.
c3 f5 22. Re1 Nf4 23. Qxf8+ Kxf8 24. gxf4 Nb3 25. Bxb3 Qxb3 26. Rxe5 Qd1 27.
Re3 Qf1 28. b4 Rg6 29. Rg3 Qxf2+ 0-1

[Event "Mechanics' Summer TNM; G/2 d5"]
[Site "San Francisco"]
[Date "2017.06.20"]
[Round "5.19"]
[White "Acharya, Venkatagi"]
[Black "Maser, Thomas F"]
[Result "0-1"]
[WhiteElo "1710"]
[BlackElo "1900"]
[PlyCount "96"]
[EventDate "2017.??.??"]

1. e4 e5 2. Nf3 Nc6 3. Bb5 a6 4. Ba4 d6 5. h3 Bd7 6. O-O Nf6 7. Re1 g6 8. c3
Bg7 9. d4 O-O 10. d5 Ne7 11. Bxd7 Qxd7 12. Nbd2 c6 13. c4 cxd5 14. cxd5 Rac8
15. b3 b5 16. Bb2 Nh5 17. Rc1 Nf4 18. Rxc8 Rxc8 19. Re3 f5 20. g3 Nxh3+ 21. Kg2
f4 22. Rc3 fxg3 23. Rxc8+ Qxc8 24. fxg3 Qg4 25. Qc2 Bh6 26. Qc7 Be3 27. Qxe7
Nf4+ 28. Kf1 Qh3+ 29. Ke1 Qh1+ 30. Nf1 Qxf3 31. Qe8+ Kg7 32. Qe7+ Kh6 33. Qh4+
Nh5 34. Nxe3 Qxe3+ 35. Kd1 Qxg3 36. Qe7 Qg1+ 37. Kd2 Qf2+ 38. Kc1 Qe1+ 39. Kc2
Qxe4+ 40. Kc1 Qe1+ 41. Kc2 Qe2+ 42. Kc1 Nf4 43. Qh4+ Qh5 44. Qe7 Qh1+ 45. Kc2
Qe4+ 46. Kc1 Qe3+ 47. Kc2 Qd3+ 48. Kc1 Ne2# 0-1

[Event "Mechanics' Winter TNM; G/2"]
[Site "San Francisco"]
[Date "2017.02.21"]
[Round "8.34"]
[White "Adams, Sophie"]
[Black "Allen, Tom Carter"]
[Result "1-0"]
[WhiteElo "1319"]
[BlackElo "1420"]
[PlyCount "43"]
[EventDate "2017.??.??"]

1. e4 e5 2. Nf3 Nc6 3. Bc4 Nf6 4. d3 Bc5 5. O-O O-O 6. c3 d5 7. exd5 Nxd5 8.
Nbd2 Bg4 9. Ne4 Bb6 10. h3 Bh5 11. Ng3 Bg6 12. Qc2 Na5 13. Nxe5 Nxc4 14. Nxg6
hxg6 15. dxc4 Nf6 16. Bg5 Qd6 17. Ne4 Nxe4 18. Qxe4 Rae8 19. Qxb7 Qc5 20. Qd5
Re5 21. Qxc5 Rxc5 22. Be7 1-0

[Event "Mechanics' Winter TNM; G/2"]
[Site "San Francisco"]
[Date "2017.01.10"]
[Round "2.34"]
[White "Adams, Sophie"]
[Black "Casares Jr., Nick"]
[Result "0-1"]
[WhiteElo "1319"]
[BlackElo "1600"]
[PlyCount "46"]
[EventDate "2017.??.??"]

1. e4 e5 2. Nf3 Nc6 3. Bc4 Nf6 4. d3 d5 5. exd5 Nxd5 6. O-O Be7 7. h3 O-O 8.
Nbd2 Kh8 9. Re1 Nf4 10. Kh1 f5 11. Nf1 Ng6 12. Qd2 Bd6 13. Ng5 e4 14. Kg1 Nge5
15. Be6 Nd4 16. Bxc8 Rxc8 17. dxe4 h6 18. c3 hxg5 19. cxd4 Nc6 20. e5 Bb4 21.
Qe2 Bxe1 22. Qxe1 Nxd4 23. Qc3 Ne2+ 0-1

[Event "Mechanics' Spring TNM; G/2"]
[Site "San Francisco"]
[Date "2017.04.25"]
[Round "7.34"]
[White "Adams, Sophie"]
[Black "Erickson, Lane Aus"]
[Result "0-1"]
[WhiteElo "1319"]
[BlackElo "1645"]
[Annotator "Donaldson"]
[PlyCount "106"]
[EventDate "2017.??.??"]

1. e4 e5 2. Nf3 Nc6 3. Bc4 Nf6 4. O-O Bc5 5. d3 a6 6. c3 d6 7. Bg5 h6 8. Be3
Bg4 9. Bxc5 dxc5 10. Nbd2 b5 11. Bd5 Nxd5 12. exd5 Qxd5 13. Qc2 O-O 14. Rfe1
Rad8 15. Re3 f5 16. Qb3 f4 17. Qxd5+ Rxd5 18. Re4 Bf5 19. Ree1 Bxd3 20. b3 c4
21. h3 Re8 22. Ne4 cxb3 23. axb3 b4 24. c4 Ra5 25. Rxa5 Nxa5 26. Nc5 Bxc4 27.
bxc4 Nxc4 28. Re4 Nd6 29. Rxb4 e4 30. Nd4 a5 31. Ra4 e3 32. fxe3 fxe3 33. Nf3
e2 34. Kf2 Nb5 35. Nd3 Nc3 36. Rxa5 Nd1+ 37. Ke1 Ne3 38. Kxe2 $4 (38. g4 {or})
(38. g3 {should be winning.}) 38... Nc4+ 39. Re5 Nxe5 40. Nfxe5 $11 c5 41. Kd2
g5 42. Nd7 Kf7 43. N7xc5 Kf6 44. Nd7+ Ke6 45. N7e5 Kf5 46. g4+ Ke4 47. Ke2 h5
48. gxh5 Rh8 49. Nf7 Rxh5 50. Nxg5+ Rxg5 51. Kd2 $4 Rg2+ 52. Kc3 Rg3 53. Kc4
Rxd3 0-1

[Event "Mechanics' Winter TNM; G/2"]
[Site "San Francisco"]
[Date "2017.01.31"]
[Round "5.35"]
[White "Adams, Sophie"]
[Black "Melville, Cailen"]
[Result "0-1"]
[WhiteElo "1319"]
[BlackElo "1730"]
[PlyCount "72"]
[EventDate "2017.??.??"]

1. e4 e6 2. d4 d5 3. e5 c5 4. c3 Qb6 5. Nf3 Nc6 6. Be2 cxd4 7. cxd4 Nh6 8. O-O
Nf5 9. Nc3 Nfxd4 10. Nxd4 Nxd4 11. Na4 Nxe2+ 12. Qxe2 Qd8 13. b3 Be7 14. Bb2
O-O 15. Rac1 b6 16. Nc3 a6 17. Qg4 Bd7 18. Ne2 Bb5 19. Rfe1 Bxe2 20. Rxe2 Rc8
21. Rec2 Qd7 22. h4 Rxc2 23. Rxc2 Rc8 24. Rd2 Rc7 25. h5 Qc8 26. Qd4 Rc2 27.
Qd3 Rxd2 28. Qxd2 a5 29. a4 Bb4 30. Qd3 h6 31. g4 Qc5 32. Kg2 Qc6 33. Bd4 Bc5
34. Qc3 Qc7 35. Qc2 Qe7 36. Kg3 $4 Bxd4 0-1

[Event "Mechanics' Spring TNM; G/2"]
[Site "San Francisco"]
[Date "2017.03.21"]
[Round "2.27"]
[White "Adams, Sophie"]
[Black "Ochoa, Jason"]
[Result "1/2-1/2"]
[WhiteElo "1319"]
[BlackElo "1800"]
[Annotator "Donaldson"]
[PlyCount "143"]
[EventDate "2017.??.??"]

1. e4 c5 2. c3 d5 3. exd5 Qxd5 4. d4 Nf6 5. Nf3 Bg4 6. Be2 g6 7. O-O Bg7 8. Be3
O-O 9. h3 Bf5 10. Nbd2 Nbd7 11. Nb3 cxd4 12. Nbxd4 Be4 13. Qd2 Rad8 14. c4 Qd6
15. Rad1 a6 16. Bh6 Ne5 17. Bxg7 Kxg7 18. Qc3 Nxf3+ 19. Nxf3 Qf4 20. Rxd8 Rxd8
21. Rd1 Rc8 22. b4 Bxf3 23. Qxf3 Qxf3 24. Bxf3 Rxc4 25. Bxb7 Rxb4 26. Bxa6 Ra4
27. Bb7 Rxa2 28. Re1 e6 29. Bc6 Rc2 30. Ba4 Rd2 31. Bc6 h5 32. Kf1 Nd5 33. Re2
Rd4 34. g3 Nc3 35. Re1 Kf6 36. h4 Rd2 37. Bf3 Ke7 38. Bc6 Kd6 39. Be8 Ke7 40.
Bc6 f5 41. Bf3 Kf6 42. Bc6 e5 43. Be8 e4 44. Re3 Rd1+ 45. Re1 Rd8 46. Bc6 Rd6
47. Bb7 Rb6 48. Rc1 Rxb7 49. Rxc3 Rb6 50. Ke2 g5 51. Ke3 gxh4 52. gxh4 Rb2 53.
Rc6+ Ke5 54. Rc5+ Ke6 55. Rc6+ Kd5 56. Rf6 $4 {Diagram [#]} (56. Rh6) 56...
Rb3+ (56... Ke5 $1 57. Rf8 f4+ 58. Rxf4 Rb3+) 57. Ke2 Ke5 58. Rh6 Kf4 59. Rxh5
Rb2+ 60. Ke1 e3 (60... Kg4 61. Rg5+) 61. fxe3+ Kxe3 62. Kf1 f4 63. Re5+ Kf3 64.
h5 Rh2 65. Kg1 Rh4 66. Rb5 Rg4+ 67. Kf1 Kg3 68. Rb3+ f3 69. Rb8 Rh4 70. Rg8+
Kf4 71. Rf8+ Ke4 72. Re8+ 1/2-1/2

[Event "Mechanics' Spring TNM; G/2"]
[Site "San Francisco"]
[Date "2017.03.28"]
[Round "3.31"]
[White "Adams, Sophie"]
[Black "Rakonitz, David"]
[Result "1-0"]
[WhiteElo "1319"]
[BlackElo "1717"]
[Annotator "Winslow, E"]
[PlyCount "105"]
[EventDate "2017.??.??"]

1. e4 e6 2. d4 d5 3. Nd2 a6 (3... c5) (3... Nf6) (3... Nc6) (3... Be7) 4. c3 (
4. Ngf3) (4. Bd3) 4... c5 5. exd5 exd5 6. Ngf3 Nf6 7. Bd3 c4 (7... Nc6) (7...
Bd6) 8. Bc2 Bd6 (8... Bg4 $5) 9. Qe2+ $5 Be7 (9... Qe7 $5) 10. O-O O-O 11. Ne5
Be6 12. Re1 Re8 13. Nf1 Nc6 14. Bf4 Qc8 (14... Rc8) (14... g6) 15. Qd2 (15. Ng3
) 15... Bf5 $6 (15... Nh5 $1) 16. Nxc6 $6 (16. Bxf5 $1 Qxf5 17. Ng3 Qc8 18. Re2
$14) 16... bxc6 17. Bxf5 Qxf5 18. Re5 Qd7 19. h3 Ne4 $15 20. Qc2 Bd6 (20... f6
$5 21. Rxe4 dxe4 22. Ne3 Qe6 $11) 21. Rxe8+ Rxe8 22. Bxd6 Nxd6 23. Ng3 Re7 24.
Kf1 Qe8 25. Qa4 Qc8 26. Qb4 Qc7 27. Qa3 a5 28. b3 Nb5 29. Qb2 Nd6 30. Qc2 Qa7
31. Nf5 Nxf5 32. Qxf5 g6 $2 33. Qc8+ $16 Kg7 34. Qxc6 cxb3 35. axb3 Rc7 36.
Qxd5 Qa6+ $6 37. c4 $18 Qc8 38. Qxa5 Qd7 39. Qc3 f6 40. d5 Qd6 $2 (40... Qxd5
41. Rc1 Qd6 42. b4 {is won anyway}) 41. Qg3 Qb6 42. Re1 Rb7 43. Re6 Qd4 44. Qe3
Qd1+ 45. Qe1 Qd3+ 46. Kg1 Qxb3 47. Re7+ Kh6 48. Qe3+ Qxe3 49. Rxe3 Rb1+ 50. Kh2
Rc1 51. Re4 f5 52. Rd4 Kg7 53. d6 1-0